Οικιακή εργασία των μεταναστριών και κοινωνική προστασία : η περίπτωση των γυναικών από την Αλβανία και την Ουκρανία
Αποθηκεύτηκε σε:
| Κύριος συγγραφέας: | |
|---|---|
| Άλλοι συγγραφείς: | |
| Μορφή: | Βιβλίο |
| Γλώσσα: | Greek |
| Δημοσίευση: |
Αθήνα :
Παπαζήσης,
2008.
|
| Σειρά: | Κοινωνιολογία και εργασία (Παπαζήσης)
|
| Θέματα: | |
| Ετικέτες: |
Προσθήκη ετικέτας
Δεν υπάρχουν, Καταχωρήστε ετικέτα πρώτοι!
|
MARC
| LEADER | 00000cam a2200000 i 4500 | ||
|---|---|---|---|
| 001 | 1/98211 | ||
| 008 | 081125s2008 gr | ||| |||| ||gre|| | ||
| 020 | |a 9789600221961 | ||
| 035 | |l 10102010 | ||
| 040 | |a GR-MY-UA |b gre |e aacr | ||
| 041 | 0 | |a gre | |
| 082 | 7 | |a 304.8495 |2 (22) | |
| 100 | 1 | |a Ψημμένος, Ιορδάνης. | |
| 245 | 1 | 0 | |a Οικιακή εργασία των μεταναστριών και κοινωνική προστασία : |b η περίπτωση των γυναικών από την Αλβανία και την Ουκρανία / |c Ιορδάνης Ψημμένος, Χριστόφορος Σκαμνάκης. |
| 260 | |a Αθήνα : |b Παπαζήσης, |c 2008. | ||
| 300 | |a 447 σ. ; |c 21 εκ. | ||
| 490 | 1 | |a (Κοινωνιολογία και εργασία / Παπαζήσης) | |
| 504 | |a Βιβλιογραφία: σ. [425]-447. | ||
| 650 | 0 | 0 | |a Women immigrants |z Greece |z Economic conditions. |
| 650 | 0 | 0 | |a Women immigrants |z Greece |x Social conditions. |
| 650 | 0 | 0 | |a Immigrants |x Government policy |z Greece. |
| 650 | 0 | 0 | |a Domestics |z Greece. |
| 700 | 1 | |a Σκαμνάκης, Χριστόφορος. | |
| 830 | 0 | |a Κοινωνιολογία και εργασία (Παπαζήσης) | |
| 852 | |a INST |b LESVOS |e 20081125 |h 304.8495 ΨΗΜ |p 005100043565 |q 005100043565 |t BK |y 12 | ||
| 852 | |a INST |b LESVOS |e 20090507 |h 304.8495 ΨΗΜ |p 005100044995 |q 005100044995 |t BK |y 0 | ||
| 852 | |a INST |b LESVOS |e 20120517 |h 304.8495 ΨΗΜ |p 005100050348 |q 005100050348 |t BK |y 0 | ||
| 901 | |a BIBL1-2008-3 | ||
| 901 | |a BIBL1-2009-2 | ||
| 901 | |a BIBL1-2012-2 | ||
| 909 | |a Λ |b 157349 | ||
| 909 | |a Λ |b 174923 | ||
| 909 | |a Λ |b 158784 | ||
| 920 | |a ΤΜΗΜΑ ΚΟΙΝΩΝΙΚΗΣ ΑΝΘΡΩΠΟΛΟΓΙΑΣ ΚΑΙ ΙΣΤΟΡΙΑΣ |y Λέσβος |z 2008-11 | ||
| 920 | |a ΑΝΤΙΚΑΤΑΣΤΑΣΗ ΧΑΜΕΝΟΥ |y Λέσβος |z 2012-05 | ||
| 920 | |a ΨΗΜΜΕΝΟΣ |b Ι. |y Λέσβος |z 2008-10 | ||
| 970 | |a ΚΑΡΑ |b ΓΙΑΣΕΜΗ |z 2008/11/25 | ||